000 01332nam a2200361 i 4500
005 20220317002059.0
007 ta
008 201209s2017 ck |||br|||| 00| f spa d
020 _a9789580002826
040 _aCO-BoRNBP
_bspa
_erda
_cCO-BoRNBP
041 0 _aspa
084 _aN MCN4
100 1 _aMcNicoll, Sylvia
_d1954-
_eautora
245 1 0 _aVenganza contra las moscas
_cSylvia McNicoll ; traducción de Carolina Abello Onofre ; ilustraciones de Miguel Yein
264 1 _aBogotá
_bNorma
_bEducactiva
_c2017
300 _a281 páginas
_bilustraciones
_c20 cm
336 _2rdacontent
_atexto
_btxt
337 _2rdamedia
_asin mediación
_bn
338 _2rdacarrier
_avolumen
_bnc
490 0 _aTorre de papel
_vAmarilla
521 _aRecomendado para un público infantil mayor de 9 años
534 _tRevenge on the fly
545 _aIncluye datos biográficos de los autores en la contra carátula
650 1 7 _2LEMB
_aNovela infantil canadiense
_ySiglo XX
650 1 7 _2LEMB
_aLiteratura infantil canadiense
_ySiglo XX
650 1 7 _2LEMB
_aAutores canadienses
_ySiglo XX
650 1 7 _2LEMB
_aViajes por mar
_vNovela
650 1 7 _2LEMB
_aPobreza
_vNovela
650 1 7 _2LEMB
_aHambre
_vNovela
700 1 _aAbello Onofre, Carolina
_etraductora
_9165520
700 1 _aYein, Miguel
_eilustrador
_9165521
942 _2loc
_cBKLIT
999 _c9118
_d9118